Matemáticas : 6 primaria

Gespeichert in:
Bibliographische Detailangaben
Weitere Verfasser: Peña, Míriam
Format: Buch
Sprache:Spanisch
Erschienen: [Boadilla del Monte (Madrid)] : SM, D.L. 2010
Katalog:MANES:  Suchergebnis im Bibliothekskatalog
Schulbuchspezifische Eigenschaften:
Schriftenreihe:Proyecto Timonel
Tags: Tag hinzufügen
Keine Tags, Fügen Sie den ersten Tag hinzu!
Hinzugefügt zu:09.02.2019
Geändert in:07.05.2025

MARC

LEADER 00000cam a2200000 i 4500
005 20250507134344.0
008 190210s2010 espa fp 000 0 spa d
020 |a 9788467535846 
040 |a uned  |b spa  |c entro-manes 
245 0 0 |a Matemáticas :   |b 6 primaria /   |c [autores, Miriam Peña, Elsa Santaolalla, Valvanera Aranzubía, Belén Sanz ; ilustración, Rafael Carralón ... (et al.)] 
260 |a [Boadilla del Monte (Madrid)] :   |b SM,   |c D.L. 2010 
300 |a 3 v. :   |b il. 
490 0 |a Proyecto Timonel 
505 0 |a Contiene:   |g V. 1   |t Unidades1-5 -   |g V. 2   |t Unidades 6-10 -   |g V. 3   |t Unidades 11-15 
546 |a España 
561 |5 es-BUNED  |3 L.T.M. 3068  |a España. Fondo Manes UNED  |k MANES 
690 0 |a MATE 
691 0 |a PRI 
700 1 |a Peña, Míriam  |9 36337 
942 |2 ddc  |c BK 
999 |c 92504  |d 92504 
999 |c manes:92504  |d 92504